Statistiche per Comuni della Sardegna (con mappa)

Clicka qui per fare il quiz!

Statistiche generali

  • Questo quiz è stato fatto 1.424 volte
  • Il punteggio medio è 112 su 377

Risposte nella Mappa

Le risposte nella mappa del quiz sottostante sono codificate secondo una scala di colori dal rosso al verde in base alla % di persone che hanno risposto correttamente.
 

Statistiche sulle risposte

Comune% Corretto
Cagliari
96%
Sassari
96%
Nuoro
93%
Olbia
91%
Oristano
90%
Alghero
82%
Iglesias
80%
Carbonia
77%
Porto Torres
75%
Quartu Sant'Elena
74%
La Maddalena
70%
Sant'Antioco
65%
Villasimius
65%
Tempio Pausania
63%
Tortolì
61%
Arzachena
60%
Bosa
60%
Carloforte
60%
Stintino
60%
Macomer
58%
Assemini
56%
Orosei
56%
Palau
56%
Pula
56%
Orgosolo
54%
Arborea
52%
Castelsardo
52%
Elmas
52%
San Teodoro
52%
Cabras
51%
Decimomannu
51%
Fonni
51%
Villacidro
51%
Bono
50%
Lanusei
50%
Sestu
50%
Quartucciu
49%
Sanluri
49%
Golfo Aranci
48%
Bitti
47%
Sini
47%
Ossi
46%
Bari Sardo
45%
Barumini
45%
Dorgali
45%
Oliena
45%
Ozieri
45%
Selargius
45%
Teulada
45%
Arbus
44%
Budoni
44%
Capoterra
44%
Gavoi
44%
Mamoiada
44%
Muravera
44%
Sorso
44%
Abbasanta
43%
Siniscola
43%
Baunei
42%
Bonorva
42%
Ghilarza
42%
Orune
42%
Calasetta
41%
Ittiri
41%
Pau
41%
Terralba
41%
Cuglieri
40%
Mara
40%
Buddusò
39%
Guspini
39%
Ollolai
39%
Santa Teresa Gallura
39%
Sinnai
39%
Desulo
38%
Monserrato
38%
Alà dei Sardi
37%
Dolianova
37%
Ottana
37%
Santu Lussurgiu
37%
Uta
37%
Berchidda
36%
Laconi
36%
Tonara
36%
Aritzo
35%
Castiadas
35%
Fluminimaggiore
35%
Fordongianus
35%
Gonnosfanadiga
35%
Lula
35%
Maracalagonis
35%
Mogoro
35%
San Gavino Monreale
35%
Santa Giusta
35%
Sarroch
35%
Tertenia
35%
Bolotana
34%
Orotelli
34%
Isili
33%
Ovodda
33%
Pattada
33%
Paulilatino
33%
Sorgono
33%
Uri
33%
Borore
32%
Orani
32%
Oschiri
32%
Perdasdefogu
32%
Samugheo
32%
Sardara
32%
Seulo
32%
Tramatza
32%
Villanova Monteleone
32%
Villaputzu
32%
Benetutti
31%
Buggerru
31%
Domus de Maria
31%
Jerzu
31%
Lei
31%
Milis
31%
Monti
31%
Ploaghe
31%
Sedilo
31%
Thiesi
31%
Tissi
31%
Tresnuraghes
31%
Uras
31%
Ales
30%
Domusnovas
30%
Galtellì
30%
Giave
30%
Gonnesa
30%
Marrubiu
30%
Monastir
30%
Olmedo
30%
Portoscuso
30%
San Sperate
30%
Sennori
30%
Senorbì
30%
Settimo San Pietro
30%
Torralba
30%
Usini
30%
Valledoria
30%
Villamar
30%
Villasor
30%
Arzana
29%
Belvì
29%
Gonnosnò
29%
Pabillonis
29%
Pozzomaggiore
29%
Seui
29%
Simaxis
29%
Aggius
28%
Atzara
28%
Calangianus
28%
Decimoputzu
28%
Girasole
28%
Mores
28%
Posada
28%
Riola Sardo
28%
San Vero Milis
28%
Serramanna
28%
Serrenti
28%
Bonnanaro
27%
Escalaplano
27%
Nurri
27%
Siliqua
27%
Ussassai
27%
Villagrande Strisaili
27%
Villamassargia
27%
Aglientu
26%
Bortigali
26%
Burgos
26%
Gairo
26%
Ilbono
26%
Lodè
26%
Lotzorai
26%
Narbolia
26%
Nulvi
26%
Silanus
26%
Sindia
26%
Telti
26%
Ulassai
26%
Urzulei
26%
Villanovaforru
26%
Villaspeciosa
26%
Ardara
25%
Badesi
25%
Furtei
25%
Gesturi
25%
Gonnostramatza
25%
Irgoli
25%
Ittireddu
25%
Magomadas
25%
Meana Sardo
25%
Nuraminis
25%
Osilo
25%
Perfugas
25%
Romana
25%
Sarule
25%
Seneghe
25%
Suni
25%
Tula
25%
Zeddiani
25%
Austis
24%
Birori
24%
Norbello
24%
Orroli
24%
Samassi
24%
Santadi
24%
San Vito
24%
Siamanna
24%
Torpè
24%
Turri
24%
Ballao
23%
Bonarcado
23%
Burcei
23%
Giba
23%
Gonnoscodina
23%
Luogosanto
23%
Mandas
23%
Oniferi
23%
Sant'Anna Arresi
23%
Villa San Pietro
23%
Busachi
22%
Cargeghe
22%
Chiaramonti
22%
Las Plassas
22%
Loculi
22%
Lunamatrona
22%
Mogorella
22%
Montresta
22%
Muros
22%
Olzai
22%
Padria
22%
Padru
22%
San Nicolò d'Arcidano
22%
Santa Maria Coghinas
22%
Siamaggiore
22%
Ussana
22%
Villanova Tulo
22%
Villaurbana
22%
Aidomaggiore
21%
Allai
21%
Bauladu
21%
Bidonì
21%
Borutta
21%
Bultei
21%
Codrongianos
21%
Esterzili
21%
Flussio
21%
Illorai
21%
Morgongiori
21%
Musei
21%
Nule
21%
Nurachi
21%
Nurallao
21%
Onanì
21%
Ortueri
21%
Osini
21%
Piscinas
21%
Pompu
21%
Putifigari
21%
Ruinas
21%
San Giovanni Suergiu
21%
San Nicolò Gerrei
21%
Sant'Antonio di Gallura
21%
Serdiana
21%
Siapiccia
21%
Teti
21%
Tinnura
21%
Trinità  d'Agultu e Vignola
21%
Vallermosa
21%
Armungia
20%
Cardedu
20%
Dualchi
20%
Florinas
20%
Gadoni
20%
Genoni
20%
Gergei
20%
Loceri
20%
Lodine
20%
Loiri Porto San Paolo
20%
Luras
20%
Narcao
20%
Noragugume
20%
Onifai
20%
Ortacesus
20%
Scano di Montiferro
20%
Usellus
20%
Villasalto
20%
Zerfaliu
20%
Anela
19%
Ardauli
19%
Baradili
19%
Bessude
19%
Cossoine
19%
Elini
19%
Erula
19%
Escolca
19%
Goni
19%
Modolo
19%
Monteleone Rocca Doria
19%
Neoneli
19%
Nughedu San Nicolò
19%
Nughedu Santa Vittoria
19%
Nuxis
19%
Palmas Arborea
19%
Sant'Andrea Frius
19%
Sedini
19%
Siligo
19%
Solarussa
19%
Talana
19%
Tiana
19%
Triei
19%
Tuili
19%
Ula Tirso
19%
Ussaramanna
19%
Villa Verde
19%
Assolo
18%
Asuni
18%
Baratili San Pietro
18%
Cheremule
18%
Collinas
18%
Donori
18%
Laerru
18%
Martis
18%
Nuragus
18%
Sagama
18%
Sennariolo
18%
Serri
18%
Siurgus Donigala
18%
Viddalba
18%
Villanovafranca
18%
Albagiara
17%
Banari
17%
Bortigiadas
17%
Bottidda
17%
Bulzi
17%
Guasila
17%
Masullas
17%
Osidda
17%
Pimentel
17%
Sadali
17%
Semestene
17%
Siddi
17%
Tratalias
17%
Baressa
16%
Masainas
16%
Nureci
16%
Ollastra
16%
Pauli Arbarei
16%
San Basilio
16%
Soleminis
16%
Suelli
16%
Tergu
16%
Barrali
15%
Genuri
15%
Gesico
15%
Perdaxius
15%
Samatzai
15%
Segariu
15%
Sorradile
15%
Villaperuccio
15%
Villa Sant'Antonio
15%
Boroneddu
14%
Esporlatu
14%
Senis
14%
Villanova Truschedu
14%
Guamaggiore
13%
Selegas
13%
Silius
13%
Simala
13%
Tadasuni
13%
Curcuris
12%
Setzu
12%
Siris
12%
Soddì
12%

Distribuzione punteggi

Percentile per numero di risposta

Percentuale di utenti per punteggio

I tuoi punteggi nel tempo

Non hai fatto questo quiz